000
00212nam a2200085Ia 4500
008
260210s9999 xx 000 0 und d
020
_a
9798765102480
245
0
_a
:WEBBER:INTERIOR DESIGN FUNDAMENTALS
942
_c
BDES
999
_c
14112
_d
14112